000
00295nam a22001217a 4500
082
_a
297.7 JOZ
100
_a
IMAM IBNAY QAYAM
_9
77491
245
_a
DOWAYE SHAFI
260
_a
ISLAMABAD
_b
INSTITUTE OF ISLAMIC RESEARCH
_c
2004
300
_a
568P
650
_a
ISLAMIC TEACHING
_9
63270
942
_c
BK
999
_c
582751
_d
582751